Countries with Spanish as their Official Language - Statistics

General Stats
  • This quiz has been taken 32 times
  • The average score is 18 of 20
Answer Stats
Country Answer % Correct
1. Argentina
100%
3. Chile
100%
4. Colombia
100%
13. Mexico
100%
18. Spain
100%
14. Nicaragua
96%
15. Panama
96%
20. Venezuela
96%
2. Bolivia
93%
9. El Salvador
93%
11. Guatemala
93%
16. Paraguay
93%
17. Peru
93%
5. Costa Rica
89%
8. Ecuador
89%
12. Honduras
89%
6. Cuba
86%
19. Uruguay
86%
7. Dominican Republic
82%
10. Equatorial Guinea
61%
No matching quizzes found
Score Distribution
Percent of People with Each Score
Percentile by Number Answered
Your Score History
You have not taken this quiz